| 000 | 00669nam a2200217 u 4500 | ||
|---|---|---|---|
| 005 | 20240809063746.0 | ||
| 008 | 170208s2009 es r 000 0 spa d | ||
| 020 | _a9788444141053 | ||
| 035 | _aUPN01000215861 | ||
| 049 | _aI | ||
| 050 | 4 |
_aBJ1533 H7 _bC3.5 |
|
| 100 | 1 |
_aCarreño, Maite _934605 |
|
| 245 | 1 | 0 |
_aMaría Ite eso no es tuyo / _cMaite Carreño ; il. Tesa González. |
| 260 |
_aLeón, Esp. : _bEverest, _c2009. |
||
| 300 |
_a30 p. : _bil. col. |
||
| 440 | 0 |
_aLeer es vivir. _pA partir de 5 años |
|
| 650 | 4 |
_aHONRADEZ - _vLITERATURA INFANTIL _922263 |
|
| 650 | 7 |
_aAmistad entre niños _2 _94319 |
|
| 650 | 4 |
_aConducta infantil _95683 |
|
| 905 | _aInfantil | ||
| 999 |
_c187961 _d187961 |
||